Name as much Animes as possible - Statistiken

Allgemein
  • Dieses Quiz wurde 104 mal gespielt
  • Das Durchschnittsergebnis liegt bei 34 aus 448
Antwortstatistiken
Antwort % Korrekt
naruto
83%
one piece
80%
attack on titan
63%
bleach
61%
dragonball
59%
death note
53%
pokemon
51%
hunter x hunter
49%
Tokyo Ghoul
44%
Haikyu!!
43%
my hero academia
43%
blue lock
40%
fullmetal alchemist
40%
black clover
37%
Akame ga kill
36%
frieren
36%
sailor moon
36%
yu gi oh
36%
Black Buttler
35%
sword art online
35%
spy x family
33%
digimon
31%
fire force
31%
re zero
31%
your name
31%
dr.stone
29%
highschool dxd
29%
one punch man
29%
vinland saga
29%
your lie in april
29%
another
28%
chainsaw man
28%
death parade
28%
Elfen Lied
28%
kakegurui
28%
monster
28%
rin
28%
seven deadly sins
28%
erased
27%
Hellsing
27%
noragami
27%
solo leveling
27%
steins gate
27%
tokyo revengers
27%
berserk
25%
darling in the franxx
25%
jojos bizarre adventure
25%
code geass
24%
cowboy bebop
24%
the promised neverland
24%
violet evergarden
24%
angel beats
23%
beastars
23%
my dress-up darling
23%
Neon Genesis Evangelion
23%
oshi no ko
23%
charlotte
21%
Hells Paradise
21%
highschool of the dead
21%
kill la kill
21%
Seraph of the end
21%
suzume
21%
anohana
20%
fate
20%
gintama
20%
inuyasha
20%
mob psycho 100
20%
a silent voice
19%
black lagoon
19%
detektiv conan
19%
no game no life
19%
redo of healer
19%
baki
17%
banana fish
17%
bungo stray dogs
17%
made in abyss
17%
mashle
17%
spirited away
17%
toradora
17%
classroom of the elite
16%
dororo
16%
overlord
16%
psycho pass
16%
soul eater
16%
beyblade
15%
blood+
15%
clannad
15%
fairy tale
15%
weathering with you
15%
naruto shipuden
13%
parasyte
13%
the rising of the shield hero
13%
tower of god
13%
x
13%
angels of death
12%
goblin slayer
12%
komi cant communicate
12%
love is war
12%
magi
12%
rent-a-girlfriend
12%
trigun
12%
danganronpa
11%
heidi
11%
shiki
11%
akira
9%
blood-c
9%
date a live
9%
edens zero
9%
eighty six
9%
golden boy
9%
kissxsis
9%
konosuba
9%
mushoku tensei
9%
princess mononoke
9%
prison school
9%
that time i got reincarnated as a slime
9%
Black bullet
8%
bna
8%
darwins game
8%
golden time
8%
kickers
8%
lucky star
8%
my happy marriage
8%
record of ragnarok
8%
relife
8%
samurai champloo
8%
the apothecary diaries
8%
the eminence in shadow
8%
zetman
8%
91 days
7%
bakugan
7%
blue period
7%
dorohedoro
7%
future diary
7%
Hellsing Ultimate
7%
high rise invasion
7%
i want to eat your pancreas
7%
maid-sama
7%
mononoke
7%
paprika
7%
perfect blue
7%
romantic killer
7%
shy
7%
ajin
5%
Arifureta
5%
blame!
5%
blood lad
5%
bubble
5%
castlevania
5%
city hunter
5%
cyberpunk edgerunners
5%
deadman wonderland
5%
ghost in the shell
5%
miss kobayashis dragon maid
5%
monogatari
5%
pluto
5%
ranking of kings
5%
ranma 1/2
5%
re monster
5%
shaman king
5%
shangri-la frontier
5%
summer ghost
5%
the devil is a part timer
5%
the disastrous life of saiki k
5%
uzumaki
5%
Vampire hunter D
5%
009 re cyborg
4%
a certain magical index
4%
Akashic Records
4%
akudama drive
4%
B the beginning
4%
btooom!
4%
captain tsubasa
4%
castle in the sky
4%
darker than black
4%
Drifters
4%
gantz
4%
gleipnir
4%
my neighbor totoro
4%
persona
4%
redline
4%
scissor seven
4%
serial experiments lain
4%
sirius the jaeger
4%
the garden of words
4%
to your eternity
4%
Vermeil in Gold
4%
7 seeds
3%
afro samurai
3%
air
3%
angel sanctuary
3%
beast tamer
3%
bell
3%
call of the night
3%
claymore
3%
danmachi
3%
das wandelnde Schloss
3%
D.Gray-man
3%
die letzten glühwürmchen
3%
expelled from paradise
3%
great pretender
3%
hello world
3%
kabaneri
3%
kengan ashura
3%
kurukos basket
3%
love live!
3%
nier
3%
overtake
3%
pandora hearts
3%
paranoia agent
3%
place to place
3%
plunderer
3%
ragna crimson
3%
Rascal Does Not Dream
3%
school days
3%
shin-chan
3%
steins gate 0
3%
the ancient magus bride
3%
the dangers in my heart
3%
tonikawa
3%
vampire in the garden
3%
wolfs rain
3%
5 centimeters per second
1%
after the rain
1%
akuma-kun
1%
angels egg
1%
assasins pride
1%
azur lane
1%
bastard!!
1%
bayonetta
1%
beauty water
1%
chained soldier
1%
colorful
1%
demon king daimao
1%
demon lord, retry
1%
divine gate
1%
eyeshield 21
1%
First of the north star
1%
garden of sinners
1%
gate
1%
gods game we play
1%
guren lagann
1%
is this a zombie
1%
king of thorn
1%
kings game
1%
lady oscar
1%
liar liar
1%
log horizon
1%
megalo box
1%
ninja kamui
1%
no.6
1%
noblesse
1%
no guns life
1%
orient
1%
phantom
1%
pom poko
1%
porco rosso
1%
radiant
1%
record of lodoss war
1%
re creators
1%
reincarnated as a sword
1%
saga of tanya the evil
1%
saki
1%
slayers
1%
spice and wolf
1%
spyclassroom
1%
steamboy
1%
strike the blood
1%
strike witches
1%
sword of the stranger
1%
takt op.destiny
1%
terra formas
1%
terror in tokio
1%
the angel next door
1%
the boy and the heron
1%
The Dungeon of the black company
1%
the irregular at magic high school
1%
the melancholy of haruhi suzumiya
1%
the misfit of demon king academy
1%
the new gate
1%
the red turtle
1%
trinity blood
1%
trinity seven
1%
twin star exorcists
1%
undead unluck
1%
wave!!
1%
wicked city
1%
witch hunter robin
1%
4 cut hero
0%
accel world
0%
A.I.C.O. Incarnation
0%
all out!!
0%
Ame & Yuki – Die Wolfskinder
0%
appleseed
0%
assasinations claasroom
0%
battle game in 5 seconds
0%
bem
0%
bikini warriors
0%
blade
0%
Blade of the Immortal
0%
blade runner
0%
blood the last vampire
0%
bloom into you
0%
blue exorstist
0%
boruto food wars
0%
burst angel
0%
cagaster of an insect cage
0%
cautions hero
0%
children of the sea
0%
children who chase lost voices
0%
clockwork planet
0%
daft punk
0%
Dance in the vampire bund
0%
darkside blues
0%
das mädchen das durch die zeit sprang
0%
date a bullet
0%
demon slayer jujuts kaisen
0%
devil may cry devilman crybaby
0%
die chroniken von erdsee
0%
eden of the east
0%
escaflowne
0%
firebird
0%
flag
0%
gantsta
0%
genocyber
0%
giovannis insel
0%
Girls und Panzer
0%
god eater
0%
godzilla
0%
good night world
0%
granblue fantasy
0%
heavenly delusion
0%
how to not summon a demon lord
0%
interspecies revierwers
0%
isekai quartet
0%
jin-roh
0%
joker game
0%
junji ito maniac
0%
kafka
0%
killing bites
0%
k return of kings
0%
last hope
0%
love flops
0%
lycoris recoil
0%
major
0%
make my day
0%
manie manie
0%
mars red
0%
mayo chiki!
0%
memories
0%
millennium actress
0%
mind game
0%
mobile suit gundam
0%
monster musume
0%
mother of the goddess dormitory
0%
murder princess
0%
my daemon
0%
my isekai life
0%
my oni girl
0%
night head
0%
night wizard
0%
ninja scroll
0%
nobunagun
0%
noir
0%
oh my goddess
0%
overdrive
0%
pastel memories
0%
patema inverted
0%
peach boy riverside
0%
phantasy star online
0%
planetes
0%
planet with
0%
plastic meomories
0%
platinium end
0%
Puella Magi Madoka Magica
0%
queens blade
0%
rainbow
0%
record of grancest war
0%
rental magica
0%
revenger
0%
revisions
0%
roujin z
0%
rune soldier
0%
sacred seven
0%
saint seyia
0%
scarlet nexus
0%
servamp
0%
seven mortal sins
0%
shadows house
0%
short peace
0%
sisters of wellber
0%
sket dance
0%
sky wizard academy
0%
slow loop
0%
spriggan
0%
sword art online alternitive
0%
symphogear
0%
talentless nana
0%
tales of wedding rings
0%
tales of zestiria
0%
tekken bloodline
0%
terminator zero
0%
the aristocrat's otherworldly adventure
0%
the asterisk war
0%
the boy who saw the wind
0%
the case study of vanitas
0%
the day i became a god
0%
the deer king
0%
the detective is already dead
0%
the dragon dentist
0%
the elusive samurai
0%
the familiar of zero
0%
the fire hunter
0%
the foolish angel dances with the devil
0%
the fruit of evolution
0%
the gene of ai
0%
the girl from the other side
0%
the greatest demon lord is reborn as a typical nobody
0%
the helpful fox senko san
0%
the heroic legend of arslan
0%
the hidden dungeon only i can enter
0%
the jungle book
0%
the kingdoms of ruin
0%
the kings avatar
0%
the last summoner
0%
the legend of zorro
0%
The Night Beyond the Tricornered Window
0%
the ones within
0%
the orbital children
0%
the piano forest
0%
the place promised in our early days
0%
the testament of sister new devil
0%
the tunnel to summer
0%
tokyo godfathers
0%
triage x
0%
trickster
0%
ultraman
0%
ultramarine magmell
0%
uq holder
0%
urotsukidoji
0%
witchblade
0%
wonderful days
0%
worlds end harem
0%
yasuke
0%
yosuga no sora
0%
Keine übereinstimmenden Quizze gefunden
Verteilung der Resultate
Anzahl Personen mit jedem Resultat
Perzentil nach korrekt beantworteten Fragen
Ihre Resultats-Entwicklung
Sie haben dieses Quiz noch nicht gespielt